000 01280nam0a2200313 4500
001 RU\NLR\ONL2\24051
005 20260406072924.0
010 _a978-5-4428-0003-6
_92000
035 _a(NLR Aleph) 010211009
090 _a10274432
_c10274431
100 _a20120905d2012 |||y0rusy50 ca
101 0 _atat
102 _aRU
105 _ac |||||||||
200 1 _aАк юл
_eяшь язучылар ижаты
_f[төз. Р. Зэйдулла, В. Нуриев]
210 _aКазан
_cБ. и.
_d2012
215 _a271 б.
_cпортр.
_d21
327 1 _aСодерж. авт.: Й. Миннуллина, Р. Мөхэммэтша, Э. hади, Ф. Гыйлэжев, Л. Фэтхетдинова, Фидаил, Р. Гобэева, Б. Ибраhим, Р. Эхмэди, А. Зэки, И. Зэйни, Р. Галибэк.
541 1 _aСветлый путь
_e(творчество молодых писателей).
_zrus
686 1 _aШ6(2=Тат)7 я43
702 1 _4220
_8tat
_7ca
_aЗэйдулла
_bР.
_f1962-
_gРкаил
_3RU\NLR\auth-onl\77689
_9130745
801 0 _aRU
_bNLR
_c20120905
_gPSBO
852 _aNLR
_jТатар./3-14209
_m39383
852 _aNLR
_bОНЛ
942 _cBOOK
980 _aNB
980 _aONL_RF